Estatísticas para Os 15 principais países com mortes por Covid19 - 3 de novembro 2021

Clique aqui para jogar o quiz

Estatísticas Gerais

  • Esse quiz foi jogado 7 vezes
  • A pontuação média é 16 de 25

Estatísticas das Respostas

país% Correto
Alemanha
100%
Brasil
100%
Estados Unidos
100%
Itália
100%
Argentina
83%
França
83%
Índia
83%
México
83%
Peru
83%
Reino Unido
83%
Rússia
83%
África do Sul
67%
Colômbia
67%
Bósnia e Herzegovina
50%
Chéquia
50%
Eslováquia
50%
Eslovénia
50%
Indonésia
50%
Bulgária
33%
Croácia
33%
Irão
33%
Macedónia do Norte
33%
Romênia
33%
Geórgia
17%
Hungria
17%

Distribuição das Pontuações

Percentil de Números Respondidos

Porcentagem de Pessoas com Cada Pontuação

Sua Pontuação Histórica

Você não jogou esse quiz